Shaping things
Αποθηκεύτηκε σε:
| Κύριος συγγραφέας: | |
|---|---|
| Μορφή: | Βιβλίο |
| Γλώσσα: | English |
| Δημοσίευση: |
Cambridge, Mass. :
MIT Press,
c2005.
|
| Θέματα: | |
| Ετικέτες: |
Προσθήκη ετικέτας
Δεν υπάρχουν, Καταχωρήστε ετικέτα πρώτοι!
|
MARC
| LEADER | 00000cam a2200000 i 4500 | ||
|---|---|---|---|
| 001 | 1/83170 | ||
| 008 | 080418s2005 gr | ||| |||| ||eng|| | ||
| 020 | |a 0262693267 |q (χαρτόδετο) | ||
| 035 | |l 10096861 | ||
| 040 | |a GR-MyUa |b gre |e AACR2 | ||
| 041 | 0 | |a eng | |
| 082 | 7 | |a 745.2 |2 (22) | |
| 100 | 1 | |a Sterling, Bruce. | |
| 245 | 1 | 0 | |a Shaping things / |c by Bruce Sterling ; designer Lorraine Wild ; editorial director Peter Lunenfeld. |
| 260 | |a Cambridge, Mass. : |b MIT Press, |c c2005. | ||
| 300 | |a 149 σ. : |b εικ. ; |c 19 εκ. | ||
| 650 | 0 | |a Technological forecasting. | |
| 650 | 0 | |a Technology assessment. | |
| 852 | |a INST |b SYROS |e 20080418 |h 745.2 STE |p 005500006090 |q 005500006090 |t BK |y 0 | ||
| 901 | |a BIBL5-2008-1 | ||
| 922 | |a 5ΕΛΗ |b 200803 |c ΕΠΕΑΕΚ2/ΤΜΣΠΣ |d Παπασωτηρίου | ||
| 970 | |a Κοντού |b Παρασκευή |z 18/04/2008 | ||